000 00500nam a2200181Ia 4500
005 20260429112034.0
008 260429s9999||||xx |||||||||||||| ||und||
020 _a9781804896525
041 _aEnglish
082 _a338.4791
_bIQB
100 _aIqbal, Mandy
245 0 _aCultural tourism management /
_cMandy Iqbal
260 _aUnited Kingdom :
_bBrilliant Publication Ltd. ,
_c2026.
300 _ax, 286 p.; hb
650 _a Tourism management
650 _aCultural tourism
942 _cTB
999 _c52025
_d52025